000 00602nam a22002057a 4500
003 0
005 20160609165001.0
008 090810t xxu||||| |||| 00| 0 eng d
020 _a2 908056 90 9
040 _aENAM
_bfr
_cENAM
100 _aBesse, Brigitte
_9627
245 _aConstruire le reportage télévisé
250 _a3è éd. entièrement revue et augmentée
260 _aParis
_bVictoires Editions
_c2005
300 _a263 p.
_c18 cm.
440 _aMétier Journaliste
_n11
_9628
650 _aReportage ; Journalisme ; Presse
_9629
653 _aTélévision : reportage
942 _cLIVR
999 _c46139
_d46139